000 007530000a22002170004500
005 20081031104232.0
008 081031t xxu||||| |||| 00| 0 eng d
010 _aENG-84352
020 _a8178802198
020 _c600.00 (hb)
035 _aEN-67885
082 _a371.2 / RAM
100 _aRamanna, R K
245 _aElements of secondary school administration /
_cby R K Ramanna
260 _aNew Delhi
_bRajat Publications
260 _c2006
300 _a222p
_c22cm
500 _aIncludes bibliographical references and index
942 _2ddc
_cEN
_h371.2
_mRAM
999 _c17686
_d17686